Normal view
MARC view
- 1.Electronic libraries program.2.Library information networks.3.Libraries--Great Britain--Special collection--electronics information resources.4.Digital libraries--Great Britain
Entry Topical Term
001 - CONTROL NUMBER
- control field: 6762
003 - CONTROL NUMBER IDENTIFIER
- control field: NUST
005 - DATE AND TIME OF LATEST TRANSACTION
- control field: 20171124101747.0
008 - FIXED-LENGTH DATA ELEMENTS
- fixed length control field: 171124|| aca||aabn | a|a d
040 ## - CATALOGING SOURCE
- Original cataloging agency: NUST
- Transcribing agency: NUST
150 ## - HEADING--TOPICAL TERM
- Topical term or geographic name entry element: 1.Electronic libraries program.2.Library information networks.3.Libraries--Great Britain--Special collection--electronics information resources.4.Digital libraries--Great Britain
670 ## - SOURCE DATA FOUND
- Source citation: Work cat.: (NUST)0: Tiwari, Aravind 6761, Evaluation of Electronic Libraries, 2002.
